000 00302nam a22001457a 4500
008 230515b ||||| |||| 00| 0 eng d
020 _a0876637179
041 _aeng
080 _a101
082 _a101REE
100 _a44
101 _aENCI
245 _aDESCARTES
_cREE.JONATHAN
942 _2udc
_cBK
999 _c59716
_d59716